| 000 | 01813cam a2200301 i 4500 | ||
|---|---|---|---|
| 001 | 16830 | ||
| 003 | DO-SdUEMH | ||
| 005 | 20260212210942.0 | ||
| 007 | ta | ||
| 008 | 211105s2000 mx a|||gri||| 001 0 spa|d | ||
| 020 | _a9684443358 | ||
| 040 |
_aDO-SdUEMH _bspa _erda |
||
| 041 |
_aspa _heng |
||
| 082 | 1 | 4 |
_mRD _a547 _bF791q |
| 084 | _b08-01374 | ||
| 100 |
_aFox, Ann Mary _eaut |
||
| 245 | 1 | 0 |
_aQuímica orgánica / _cAnn Mary Fox, James K. Whitesell ; traducción: Héctor Javier Escalona García |
| 250 | _aSegunda edición | ||
| 264 | 0 | 1 |
_aMexico, D.F. : _bPearson _c2000 |
| 264 | 4 | _c©2000 | |
| 300 |
_axxxii, 1232 paginas : _bilustraciones ; _c25 cm. |
||
| 336 |
_2rdacontent _atexto _btxt |
||
| 337 |
_2rdamedia _asin mediación _bn |
||
| 338 |
_2rdacarrier _avolumen _bnc |
||
| 505 | 2 | _aEstructura y enlaces en los alcanos -- Alquenos, hidrocarburos aromáticos y alquinos -- Grupos funcionales con heteroátomos -- Cromatografía y espectroscopía -- Estereoquímica -- Interpretación de las reacciones orgánicas -- Mecanismos de las reacciones orgánicas -- Sustitución por nucleófilos en carbono con hibridación -- Reacciones de eliminación -- Adición a enlaces múltiples carbono-carbono -- Sustitución electrofílica aromática -- adición y sustitución nucleofílica en grupos carbonilo -- Sustitución alfa en grupos carbonilo -- Reacciones de reordenamiento del esqueleto -- Síntesis en etapas múltiples -- Materiales poliméricos -- Compuestos oxigenados naturales -- Compuestos nitrogenados de origen natural -- Interacciones no covalentes y reconocimiento molecular -- Reacciones catalizadas -- Cofactores para reacciones biológicas -- Almacenamiento de energía en moléculas orgánicas -- Bases moleculares de la acción farmacológica. | |
| 942 |
_2ddc _cBK _n0 |
||
| 999 |
_c16830 _d16830 |
||